000 01537nam a2200481 ib4500
001 6030
003 KOSZ 005
005 20221115113347.0
008 200629s1990 pl a f 000 0 pol
015 _aUWD 1990/10092
020 _a8385045961
035 _a991002111169705066
035 _a(PL-WaBN)b1058657x-48omnis_nlop
035 _ab1058657x
035 _a(OCoLC)834089766
035 _a(PL)b0000001058657
035 _a(EXLNZ-48OMNIS_NETWORK)9910481588505606
040 _aWA N
_cWA N
_dKOSZ 005/AR
041 0 _apol
_bfre
046 _k1990
080 _a746
080 _a331.103
100 1 _aKnobloch, Mieczysław
_eAutor
245 1 0 _aChcę coś robić :
_b[poradnik].
_nT. 2,
_pPoradnik praktyczny /
_cMieczysław Knobloch.
260 _aWarszawa :
_bWydawnictwo Pelikan,
_c1990.
300 _a349, [3] strony :
_bilustracje ;
_c24 cm.
336 _aTekst
_btxt
_2rdacontent
337 _aBez urządzenia pośredniczącego
_bn
_2rdamedia
338 _aWolumin
_bnc
_2rdacarrier
380 _aKsiążki
388 _a1901-2000
388 _a1989-2000
500 _aStreszczenie w języku francuskim.
650 7 _aPraca ręczna
_2DBN
650 7 _aRehabilitacja medyczna
_2DBN
655 7 _aPoradnik
_2DBN
658 _aMedycyna i zdrowie
658 _aHobby i czas wolny
710 _aWydawnictwo Pelikan
856 _uhttp://koha.tu.koszalin.pl/cgi-bin/koha/opac-detail.pl?biblionumber=6030
_yKatalog online BPK
942 _2UKD
_cKS
999 _c6030
_d6030